| 000 | 00705nam a2200289Ia 4500 | ||
|---|---|---|---|
| 008 | 160803s9999 xx 000 0 und d | ||
| 020 | _a9780545445498 | ||
| 100 | _aRylander, Chris | ||
| 245 | 4 | _aThe fourth stall / | |
| 245 | _cby Chris Rylander. | ||
| 260 | _aNew York : | ||
| 260 | _bScholastic Inc. | ||
| 260 | _c2011 | ||
| 300 | _a314 pages ; | ||
| 300 | _c20 cm | ||
| 500 | _aFirst Scholastic printing, January 2012. | ||
| 650 | _aBullying -- | ||
| 650 | _aBullying. | ||
| 650 | _aBusiness enterprises -- | ||
| 650 | _aFriendship -- | ||
| 650 | _aSchools -- | ||
| 650 | _xFiction. | ||
| 650 | _xFiction. | ||
| 650 | _xFiction. | ||
| 650 | _xFiction. | ||
| 700 | _a760 | ||
| 999 |
_c299935 _d299935 |
||